HANDBOOK OF ELECTRON TUBE ABD VACUME TECHNIQUES (Record no. 567126)

000 -LEADER
fixed length control field 00253nam a22000977a 4500
082 ## - DEWEY DECIMAL CLASSIFICATION NUMBER
Classification number 621.381542 ROS'H
100 ## - MAIN ENTRY--PERSONAL NAME
Personal name ROSEBURY, FRED
9 (RLIN) 56777
245 ## - TITLE STATEMENT
Title HANDBOOK OF ELECTRON TUBE ABD VACUME TECHNIQUES
260 ## - PUBLICATION, DISTRIBUTION, ETC.
Place of publication, distribution, etc. USA
Name of publisher, distributor, etc. ADDISON WESLEY
Date of publication, distribution, etc. 1965
942 ## - ADDED ENTRY ELEMENTS (KOHA)
Koha item type Book
Holdings
Withdrawn status Lost status Damaged status Not for loan Permanent Location Current Location Shelving location Date acquired Total Checkouts Full call number Barcode Date last seen Price effective from Koha item type
        College of Electrical & Mechanical Engineering (CEME) College of Electrical & Mechanical Engineering (CEME) Reference 07/12/2017   621.381542 ROS'H CEME-4586 06/28/2021 06/28/2021 Book
© 2023 Central Library, National University of Sciences and Technology. All Rights Reserved.